Statistics for Hyundai A-league Top Goalscorers

Click here to take the quiz!

General Stats

  • This quiz has been taken 29 times
  • The average score is 6 of 11

Answer Stats

HintAnswer% Correct
3- AlbaniaBesart Berisha
96%
1- AustraliaArchie Thompson
88%
2- New ZealandShane Smeltz
83%
7- Costa RicaCarlos Hernandez
75%
4- Netherlands/IndonesiaSergio Van Dijk
58%
6- AustraliaAlex Brosque
54%
5- AustraliaMark Bridge
46%
8- AustraliaDaniel Allsop
38%
9- AustraliaMatt Simon
38%
=10- New ZealandJeremy Brockie
33%
=10- AustraliaTravis Dodd
8%

Score Distribution

Percentile by Number Answered

Percent of People with Each Score

Your Score History

You have not taken this quiz